书目信息 |
| 题名: |
淮河流域可持续发展战略初论
|
|
| 作者: | 宋豫秦 著 | |
| 分册: | ||
| 出版信息: | 北京 化学工业出版社 2003 |
|
| 页数: | 248页 | |
| 开本: | 20cm | |
| 丛书名: | ||
| 单 册: | ||
| 中图分类: | TV882.3 | |
| 科图分类: | ||
| 主题词: | ||
| 电子资源: | ||
| ISBN: | 7-5025-4431-3 | |
| 000 | 00834nam0 2200241 450 | |
| 001 | 012007016454 | |
| 005 | 20070522170855.26 | |
| 010 | @a7-5025-4431-3@dCNY26.00 | |
| 100 | @a20070515d2003 km y0chiy0120 ea | |
| 101 | 0 | @achi |
| 102 | @aCN@b110000 | |
| 105 | @ay z 000yy | |
| 106 | @ar | |
| 200 | 1 | @a淮河流域可持续发展战略初论@Ahuai he liu yu ke chi xu fa zhan zhan lue chu lun@f宋豫秦等著@Fsong yu qin deng zhu |
| 210 | @a北京@c化学工业出版社@c环境科学与工程出版中心@d2003 | |
| 215 | @a248页@d20cm | |
| 330 | @a本书全面总结了淮河流域社会、经济、资源、环境的发展现状与演变过程,深入剖析了当前淮河流域系统的基本特征和所存在的矛盾与冲突。 | |
| 607 | @a淮河@x流域@x可持续发展@x研究 | |
| 607 | @a淮河 | |
| 690 | @aTV882.3@v4 | |
| 701 | 0 | @a宋豫秦@Asong yu qin@4著 |
| 801 | 0 | @aCN@bRULIN@c20070522 |
| 905 | @dTV882.3@e35@s8 | |
| 淮河流域可持续发展战略初论/宋豫秦等著.-北京:化学工业出版社:环境科学与工程出版中心,2003 |
| 248页;20cm |
| ISBN 7-5025-4431-3:CNY26.00 |
| 本书全面总结了淮河流域社会、经济、资源、环境的发展现状与演变过程,深入剖析了当前淮河流域系统的基本特征和所存在的矛盾与冲突。 |
| ● |
| 相关链接 |
|
|
|
|
正题名:淮河流域可持续发展战略初论
索取号:TV882.3/35
 
预约/预借
| 序号 | 登录号 | 条形码 | 馆藏地/架位号 | 状态 | 备注 |
| 1 | 0573839 | 205738399 | 第二样本阅览室/ [索取号:TV882.3/35] | 在馆 | |
| 2 | 0573840 | 205738406 | 第三借阅区/ [索取号:TV882.3/35] | 在馆 | |
| 3 | 0573841 | 205738415 | 第三借阅区/ [索取号:TV882.3/35] | 在馆 | |
| 4 | 0573842 | 205738424 | 第三借阅区/ [索取号:TV882.3/35] | 在馆 | |
| 5 | 0573843 | 205738433 | 第三借阅区/ [索取号:TV882.3/35] | 在馆 | |
| 6 | 0573844 | 205738442 | 第三借阅区/ [索取号:TV882.3/35] | 在馆 | |
| 7 | 0573845 | 205738451 | 第三借阅区/ [索取号:TV882.3/35] | 在馆 | |
| 8 | 0573846 | 205738460 | 第三借阅区/ [索取号:TV882.3/35] | 在馆 |